|
|
|
|
| LEADER |
00000ny a22000003n 4500 |
| 005 |
20110517130012.0 |
| 008 |
950221c19899999sp ar p 0 0b0spa d |
| 022 |
|
|
|a 1133-3677
|
| 035 |
|
|
|a 3268
|
| 040 |
|
|
|a UCAR
|c . Getafe
|d vLex
|
| 080 |
|
|
|a 34 460 058
|
| 090 |
|
|
|c 2021
|d 2021
|
| 245 |
0 |
0 |
|a Anuario jurd̕ico y econm̤ico escurialense
|h [Recurso electrn̤ico]
|
| 246 |
3 |
|
|a Anuario jurd̕ico y econm̤ico
|
| 256 |
|
|
|a Servicio en ln̕ea
|
| 260 |
|
|
|a San Lorenzo de el Escorial :
|b Real Colegio Universitario Escorial Maria Cristina
|
| 310 |
|
|
|a Anual
|
| 506 |
1 |
|
|a Contenido solo disponible en los productos indicados
|d vLex Global
|d vLex Global (Academic Edition, excluding Law Schools)
|d vLex Global (U.S. Academic Edition, Law Schools)
|d vLex Global (U.S. Academic Edition, excluding Law Schools)
|d vLex Global (Academic Edition, Law Schools)
|
| 650 |
0 |
4 |
|a Ciencias sociales
|z Espaą
|x Publicaciones perid̤icas
|
| 650 |
0 |
4 |
|a Derecho
|z Espaą
|x Publicaciones perid̤icas
|
| 740 |
0 |
|
|a vLex Revista (Servicios en ln̕ea)
|
| 780 |
0 |
0 |
|t Anuario jurd̕ico escurialense,
|x 0518-1003
|
| 843 |
|
|
|a Electrn̤ica. Abierta
|
| 853 |
|
|
|8 1
|i (year)
|j (month)
|k (day)
|
| 856 |
4 |
0 |
|u http://vlex.com/source/3268
|z Acceso restringido
|
| 942 |
|
|
|c REV
|